Maantiedettä kirjaimittain - L - Statistics

Yleistilastot
  • Tätä visaa on pelattu 1 723 kertaa
  • Keskiarvotulos 14 / 20
Vastaustilastot
Vihje Vastaus % Oikein
Englannin pääkaupunki Lontoo
99%
Valtio Latvian eteläpuolella Liettua
96%
Portugalin pääkaupunki Lissabon
94%
Alue Norjan, Ruotsin, Suomen ja Venäjän pohjoisosissa Lappi
92%
Yhdysvaltain toiseksi suurin kaupunki Los Angeles
88%
Kuuluisa uhkapelikaupunki Yhdysvalloissa Las Vegas
87%
Kuuluisa taidemuseo Pariisissa Louvre
87%
Pietari tunnettiin vuoteen 1991 asti tällä nimellä Leningrad
86%
Israelin naapurimaa Libanon
84%
Yhteinen nimitys espanjan- ja portugalinkielisille alueille Amerikassa {Latinalainen} Amerikka
80%
Italian entinen ja Turkin nykyinen valuutta Liira
76%
Euroopan suurin järvi Laatokka
75%
Beatles on lähtöisin tästä kaupungista Liverpool
68%
Vapautettuja amerikkalaisia orjia varten perustettu valtio Liberia
61%
Nigerian suurin kaupunki Lagos
55%
Lukuisista muinaisista kohteista tunnettu kaupunki Egyptin keskiosissa Luxor
44%
Sapfo asui tällä Kreikan saarella Lesbos
41%
Ranskan pisin joki Loire
41%
Filippiinien suurin saari Luzon
20%
Osan Etelä-Afrikan ja Botswanan sekä Zimbabwen välisistä rajoista muodostava joki Limpopo
14%
Ehtoja vastaavia visoja ei löytynyt
Tulosjakauma
Jokaisen tuloksen saaneiden osuus
Persentiili vastausten määrän mukaan
Tuloshistoriasi
Et ole pelannut tätä visaa